ESD : RF technology and circuits (Record no. 576670)
[ view plain ]
| 000 -LEADER | |
|---|---|
| fixed length control field | 00554nam a22001337a 4500 |
| 020 ## - INTERNATIONAL STANDARD BOOK NUMBER | |
| International Standard Book Number | 9780470847558 |
| 082 ## - DEWEY DECIMAL CLASSIFICATION NUMBER | |
| Classification number | 280 SCB |
| 100 ## - MAIN ENTRY--PERSONAL NAME | |
| Personal name | Voldman, Steven H |
| 9 (RLIN) | 69339 |
| 245 ## - TITLE STATEMENT | |
| Title | ESD : RF technology and circuits |
| 260 ## - PUBLICATION, DISTRIBUTION, ETC. | |
| Place of publication, distribution, etc. | England ; Hoboken, NJ : J. Wiley |
| Name of publisher, distributor, etc. | Chichester, West Sussex |
| Date of publication, distribution, etc. | 2006 |
| 300 ## - PHYSICAL DESCRIPTION | |
| Extent | 398 p |
| Other physical details | xxii, ill.26 cm |
| 650 ## - SUBJECT ADDED ENTRY--TOPICAL TERM | |
| Topical term or geographic name entry element | Radio frequency integrated circuits -- Design and construction | Radio frequency integrated circuits -- Protection | Electrostatics | Electric discharges -- Prevention | Static eliminators |
| 9 (RLIN) | 69340 |
| 942 ## - ADDED ENTRY ELEMENTS (KOHA) | |
| Koha item type | Book |
| Withdrawn status | Lost status | Damaged status | Not for loan | Permanent Location | Current Location | Shelving location | Date acquired | Total Checkouts | Full call number | Barcode | Date last seen | Price effective from | Koha item type |
|---|---|---|---|---|---|---|---|---|---|---|---|---|---|
| College of Electrical & Mechanical Engineering (CEME) | College of Electrical & Mechanical Engineering (CEME) | General Stacks | 12/20/2017 | 280 SCB | CEME -SCB-18003 | 06/28/2021 | 06/28/2021 | Book |
